000 00610nam a2200253Ia 4500
005 20260121160650.0
008 008 260114s9999 xx 000 0 eng d
020 _a9781315747217
037 _aEBOOK
040 _aCRL
040 _beng
040 _cCRL
041 _2eng
041 _aeng
084 _qCRL
100 _a Itai Ivtzan; Tim Lomas
_91034766
245 0 _aMindfulness in Positive Psychology
260 _bTaylor and Francis
260 _c2016
856 _uhttp://www.taylorfrancis.com/books/9781315747217
942 _cEBOOK
999 _c1601582
_d1601582